Lineamientos para la elaboración de una estrategia nacional de conservación y uso sostenible de la biodiversidad / (Registro nro. 1210)

Detalles MARC
000 -CABECERA
Campo de control 01166nam a2200253 a 4500
005 - FECHA Y HORA DE LA ULTIMA TRANSACCION
Campo de control 20160816142019.0
008 - ELEMENTOS DE LONGITUD FIJA—INFORMACION GENERAL
Campo de control 160816b bo ||||r|||| 00| 0 spa d
040 ## - FUENTE DE CATALOGACIÓN
Agencia catalogadora original CO-BoIAVH
Agencia transcriptora CO-BoIAVH
041 0# - IDIOMA
Código de idioma para texto/pista de sonido o título separado Español
044 ## - PAÍS DE PUBLICACIÓN
País de publicación Bolivia
082 04 - NUMERO DE CLASIFICACION DECIMAL DEWEY
Número de clasificación 333.9516
Número del ítem B32l
100 1# - ASIENTO PRINCIPAL--NOMBRE PERSONAL
Nombre personal Baudoin, Mario
Término relacionado autor
9 (RLIN) 74388
245 10 - MENCION DE TITULO
Título Lineamientos para la elaboración de una estrategia nacional de conservación y uso sostenible de la biodiversidad /
Mención de responsabilidad Mario Baudoin y Raúl España
246 #4 - FORMA VARIANTE DEL TITULO
Título propiamente dicho/forma breve del título Lineamientos para una estrategia nacional de conservación y uso sostenible de la diversidad biológica
260 ## - PUBLICACION, DISTRIBUCION, ETC. (PIE DE IMPRENTA)
Lugar de publicación, distribución, etc. Lima
Nombre del editor, distribuidor, etc. DNCB
-- PNUD
-- GEF
-- UNOPS
Fecha de publicación, distribución, etc. 1998?
300 ## - DESCRIPCION FISICA
Extensión 58 páginas ;
Dimensiones 28 x 21 cm.
505 2# - NOTA DE CONTENIDO
Nota de contenido Políticas de la dirección nacional de conservación de la biodiversidad.
650 26 - ASIENTO SECUNDARIO DE MATERIA - TERMINO TEMATICO
Término temático o nombre geográfico como elemento de entrada Política ambiental
Subdivisión geográfica Bolivia
9 (RLIN) 74394
650 26 - ASIENTO SECUNDARIO DE MATERIA - TERMINO TEMATICO
Término temático o nombre geográfico como elemento de entrada Biodiversidad
Subdivisión general uso sostenible
Subdivisión geográfica Bolivia
9 (RLIN) 74395
650 26 - ASIENTO SECUNDARIO DE MATERIA - TERMINO TEMATICO
Término temático o nombre geográfico como elemento de entrada Conservación de la diversidad biológica
Subdivisión geográfica Bolivia
9 (RLIN) 74396
700 1# - ASIENTO SECUNDARIO - NOMBRE PERSONAL
Nombre personal España, Raul
Término de relación autor
9 (RLIN) 74392
710 1# - ASIENTO SECUNDARIO - NOMBRE CORPORATIVO
Nombre corporativo o de jurisdicción como elemento de entrada Bolivia.
Unidad subordinada Ministerio de Desarrollo Sostenible y Medio Ambiente. Secretaría Nacional de Recursos Naturales y Medio Ambiente.
9 (RLIN) 74397
942 ## - ELEMENTOS ADICIONALES (KOHA)
Tipo de ítem Libro
Sistema de clasificación Dewey Decimal Classification
Existencias
Withdrawn status Lost status Sistema de Clasificación Damaged status No para préstamo Colección Inventariado Ubicación Permanente Ubicación actual Fecha de adquisición Fuente de Valor Valor Total Checkouts Número topográfico Inventario / Código de Barras Date last seen Ejemplar Price effective from Forma de adquisición Tipo de material
    Dewey Decimal Classification     General Inventariado 2017 Bogotá Bogotá 01/09/1999 Instituto 39000.00   LB-333.9516 B32l 001638 04/12/2012 Ej. 1 04/12/2012 Donación Libro